Modelo de gestion de operaciones de los servicios docentes aplicado en el edificio de ingenieria de la U.C.R.
Guardado en:
| Autor principal: | |
|---|---|
| Otros Autores: | , |
| Formato: | Libro |
| Publicado: |
2007
|
| Materias: | |
| Etiquetas: |
Agregar Etiqueta
Sin Etiquetas, Sea el primero en etiquetar este registro!
|
MARC
| LEADER | 00000nam a2200000Ia 4500 | ||
|---|---|---|---|
| 003 | 009991 | ||
| 005 | 20221231144105.0 | ||
| 008 | 140114s2007 cr a 000 ||s d | ||
| 040 | |c cru CEDI | ||
| 090 | |a TFG 5520 | ||
| 100 | |a Chaves Barahona, Greivin |9 4696 | ||
| 245 | |a Modelo de gestion de operaciones de los servicios docentes aplicado en el edificio de ingenieria de la U.C.R. | ||
| 260 | |c 2007 | ||
| 300 | |a 142, [64] hojas; ilustraciones a color | ||
| 500 | |a Proyecto de graduación (licenciatura en ingeniería industrial)--Universidad de Costa Rica. Facultad de Ingeniería. Escuela de Ingeniería Industrial | ||
| 650 | |x UNIVERSIDAD DE COSTA RICA. FACULTAD DE INGENIERIA |x ADMINISTRACION |x ANALISIS DE SISTEMAS |x INVESTIGACIONES |x PROGRAMACION (ADMINISTRACION) |x MODELOS DE SIMULACION |x INVESTIGACION OPERACIONAL |x INVESTIGACIONES |9 4700 | ||
| 700 | |9 4697 |a Fermán Orellana, Emerson | ||
| 700 | |9 4699 |a Paniagua Ruiz, Donny | ||
| 942 | |c TFG | ||
| 999 | |c 16740 |d 16740 | ||
